| 000 | 005870000a22001810004500 | ||
|---|---|---|---|
| 003 | MACL | ||
| 005 | 20160309115507.0 | ||
| 008 | 160309b xxu||||| |||| 00| 0 eng d | ||
| 040 |
_aMACL _cMACL |
||
| 041 | _aHindi | ||
| 082 | _a891.431 | ||
| 100 |
_aमिलिचन्द श्री जगन्नाथप्रसाद _943968 |
||
| 245 |
_aमुक्तिका _bकविता - संग्रह |
||
| 260 |
_bसरस्वती सदन _c1954 _aग्वालियर |
||
| 350 | _a2 | ||
| 650 |
_aPoetry _943969 |
||
| 942 |
_cHIN _k891.431 _2ddc |
||
| 999 |
_c24096 _d24096 |
||